International Auditing: Practical Resource Guide (Record no. 3164)

MARC details
005 - DATE AND TIME OF LATEST TRANSACTION
control field 20250604173917.0
020 ## - INTERNATIONAL STANDARD BOOK NUMBER
International Standard Book Number 0-471-26382-6
082 ## - DEWEY DECIMAL CLASSIFICATION NUMBER
Classification number T E A LECT 657.45 O'RE
100 ## - MAIN ENTRY--PERSONAL NAME
Author name O'REGAN, D .
245 ## - TITLE STATEMENT
Title International Auditing: Practical Resource Guide
260 ## - PUBLICATION, DISTRIBUTION, ETC.
Place of publication, distribution, etc. New Jersey,
Name of publisher, distributor, etc. John Wiley & sons ,
Date of publication, distribution, etc. 2003.
300 ## - PHYSICAL DESCRIPTION
Extent xiii, 298p.:
Dimensions 224cm.
942 ## - ADDED ENTRY ELEMENTS (KOHA)
Source of classification or shelving scheme Dewey Decimal Classification
Koha item type Books
Holdings
Date last seen Total checkouts Full call number Barcode Cost, replacement price Price effective from Koha item type Lost status Source of classification or shelving scheme Damaged status Not for loan Withdrawn status Home library Current library Shelving location Date acquired Cost, normal purchase price
06/29/2025   657.96ORE DOM0003302 249480.00 06/29/2025 Books   Dewey Decimal Classification       CBE Dodoma CBE Dodoma General Collection 04/22/2005 83160.00
06/29/2025   657.96ORE DOM0003276 249480.00 06/29/2025 Books   Dewey Decimal Classification       CBE Dodoma CBE Dodoma General Collection 04/22/2005 83160.00
06/29/2025   657.96ORE DOM000334120 249480.00 06/29/2025 Books   Dewey Decimal Classification       CBE Dodoma CBE Dodoma General Collection 04/22/2005 83160.00
06/29/2025   657.96ORE DOM0003303 249480.00 06/29/2025 Books   Dewey Decimal Classification       CBE Dodoma CBE Dodoma General Collection 04/22/2005 83160.00
06/04/2025   T E A LECT 657.45 00000011096 249480.00 06/04/2025 Books   Dewey Decimal Classification       College of Business Education Main Library College of Business Education Main Library General Collection 04/22/2005 83160.00
06/04/2025   T E A LECT 657.45 00000011097 249480.00 06/04/2025 Books   Dewey Decimal Classification       College of Business Education Main Library College of Business Education Main Library General Collection 04/22/2005 83160.00
06/04/2025   T E A LECT 657.45 00000011098 249480.00 06/04/2025 Books   Dewey Decimal Classification       College of Business Education Main Library College of Business Education Main Library General Collection 04/22/2005 83160.00